|
|
|
|
| LEADER |
00000nam0a2200000 4500 |
| 001 |
260363 |
| 005 |
20251210140032.0 |
| 010 |
|
|
|a 5020020427
|
| 035 |
|
|
|a (RuTPU)RU\TPU\book\283311
|
| 090 |
|
|
|a 260363
|
| 100 |
|
|
|a 20140515d1988 k y0rusy50 ca
|
| 101 |
0 |
|
|a rus
|
| 102 |
|
|
|a RU
|
| 105 |
|
|
|a a z 001zy
|
| 200 |
1 |
|
|a Концентрические структуры Южного Тянь-Шаня
|f Междуведомственный геофизический комитет при Президиуме Академии наук СССР ; отв. ред. В. В. Белоусов
|
| 210 |
|
|
|a Москва
|c Наука
|d 1988
|
| 215 |
|
|
|a 136 с.
|c ил.
|
| 225 |
1 |
|
|a Результаты исследования по международным геофизическим проектам
|
| 320 |
|
|
|a Библиогр.: с. 133-134.
|
| 606 |
1 |
|
|a Геология структурная
|2 stltpush
|3 (RuTPU)RU\TPU\subj\6122
|9 34080
|
| 610 |
1 |
|
|a Южный Тянь-Шань
|
| 610 |
1 |
|
|a концентрические структуры
|
| 610 |
1 |
|
|a Фергана
|
| 610 |
1 |
|
|a геология
|
| 610 |
1 |
|
|a глубинное строение
|
| 610 |
1 |
|
|a геологические исследования
|
| 610 |
1 |
|
|a история
|
| 610 |
1 |
|
|a овоидные структуры
|
| 610 |
1 |
|
|a сравнительный анализ
|
| 610 |
1 |
|
|a генезис
|
| 610 |
1 |
|
|a полезные ископаемые
|
| 610 |
1 |
|
|a поиск
|
| 675 |
|
|
|a 551.243
|v 3
|
| 702 |
|
1 |
|a Белоусов
|b В. В.
|4 340
|
| 712 |
0 |
2 |
|a Академия наук СССР
|b Междуведомственный геофизический комитет
|c Москва
|c 1961-1992
|9 88871
|
| 801 |
|
1 |
|a RU
|b 63413507
|c 20140515
|
| 801 |
|
2 |
|a RU
|b 63413507
|c 20150324
|g RCR
|
| 942 |
|
|
|c BK
|